Les 15 meilleurs joueurs de foot oat#1 - Statistiques

Statistiques générales
  • Ce quiz a été pris 167 fois
  • Le résultat moyen est 8 sur 15
Statistiques - réponses
Hint Réponse % Correct
C.R Cristiano Ronaldo
100%
L.M Lionel Messi
99%
P Pele
94%
Z.Z Zinedine Zidane
91%
T.H Thierry Henry
81%
D.M Diego Maradona
71%
R.N Ronaldo Nazario
51%
N.J Neymar Junior
44%
M.V-B Marco Van Basten
41%
S.R Sergio Ramos
31%
J.C Johan Cruyff
27%
A.I Andres Iniesta
23%
R.G Ronaldinho Gaucho
18%
F.B Franz Beckenbauer
14%
G.B George Best
11%
Aucun quiz correspondant
Distribution des résultats
% des personnes avec chaque résultat
Percentile par nombre de réponses
Votre historique - résultats
Vous n’avez pas pris ce quiz